00338nam a2200133Ia 4500008004100000020000500041082001600046100001600062245003000078260004500108300000800153650002100161650002200182140316s9999 xx 000 0 und d a a814bVIJ/SW aVijayan,M N aSwathanthryathinte artham aThrissurbNishagandhi publicationsc2007 a136 amalayalam essays amalayalam stories